000 00330 a2200145 4500
001 149120
040 _cEscola São Tomás de Aquino
100 _aSANTOS, Joel Rufino dos
240 1 0 _aMania de trocar
_lpor
245 1 0 _aMania de trocar
362 0 _a1991
440 1 _aModerna
697 _a*LITERATURA INFANTO
942 _cBK
999 _c149120
_d149120